Математическое моделирование горения газодисперсной смеси горючего газа с частицами; Уголь; № 10 (1099)

Bibliografski detalji
Parent link:Уголь.— , 1925-
№ 10 (1099).— 2017.— [С. 37-43]
Autor kompanije: Национальный исследовательский Томский политехнический университет Инженерная школа неразрушающего контроля и безопасности Отделение контроля и диагностики
Daljnji autori: Перминов В. А. Валерий Афанасьевич, Гудов А. М. Александр Михайлович, Филатов Ю. М. Юрий Михайлович, Ли Хи Ун
Sažetak:Заглавие с экрана
В работе исследовано распространение фронта горения по газодисперсной среде, в которой экзотермические химические реакции идут в газовой фазе и на поверхности частиц дисперсной фазы с одним из компонентов газовой фазы. Представлена математическая модель горения газодисперсной фазы, содержащей частицы. Проведено численное исследование влияния дисперсной фазы и концентрации горючего и кислорода на скорость распространения горения по газодисперсной среде.
The paper considers the propagation of combustion front in gas-dispersed medium where exothermic reactions proceed in gas phase and on the surface of dispersed phase particles with one of the gas phase components. The mathematical model of gas-dispersed phase, containing particles is given.
Режим доступа: по договору с организацией-держателем ресурса
Jezik:ruski
Izdano: 2017
Serija:Безопасность
Teme:
Online pristup:https://elibrary.ru/item.asp?id=30040889
https://doi.org/10.18796/0041-5790-2017-10-37-40
Format: Elektronički Poglavlje knjige
KOHA link:https://koha.lib.tpu.ru/cgi-bin/koha/opac-detail.pl?biblionumber=657891

MARC

LEADER 00000naa0a2200000 4500
001 657891
005 20250123160633.0
035 |a (RuTPU)RU\TPU\network\24712 
090 |a 657891 
100 |a 20180328d2017 k||y0rusy50 ca 
101 0 |a rus 
102 |a RU 
135 |a drcn ---uucaa 
181 0 |a i  
182 0 |a b 
200 1 |a Математическое моделирование горения газодисперсной смеси горючего газа с частицами  |d Mathematical simulation of combustion of gas-dispersed mixture of combustible gas and particle  |f В. А. Перминов [и др.] 
203 |a Текст  |c электронный 
225 1 |a Безопасность 
300 |a Заглавие с экрана 
320 |a [Библиогр.: 13 назв.] 
330 |a В работе исследовано распространение фронта горения по газодисперсной среде, в которой экзотермические химические реакции идут в газовой фазе и на поверхности частиц дисперсной фазы с одним из компонентов газовой фазы. Представлена математическая модель горения газодисперсной фазы, содержащей частицы. Проведено численное исследование влияния дисперсной фазы и концентрации горючего и кислорода на скорость распространения горения по газодисперсной среде. 
330 |a The paper considers the propagation of combustion front in gas-dispersed medium where exothermic reactions proceed in gas phase and on the surface of dispersed phase particles with one of the gas phase components. The mathematical model of gas-dispersed phase, containing particles is given. 
333 |a Режим доступа: по договору с организацией-держателем ресурса 
461 |t Уголь  |d 1925- 
463 |t № 10 (1099)  |v [С. 37-43]  |d 2017 
510 1 |a Mathematical simulation of combustion of gas-dispersed mixture of combustible gas and particle  |z eng 
610 1 |a электронный ресурс 
610 1 |a труды учёных ТПУ 
610 1 |a математическое моделирование 
610 1 |a горение 
610 1 |a скорость 
610 1 |a газодисперсные среды 
610 1 |a метановоздушные смеси 
701 1 |a Перминов  |b В. А.  |c специалист в области экологии и безопасности жизнедеятельности  |c профессор Томского политехнического университета, доктор физико-математических наук  |f 1958-  |g Валерий Афанасьевич  |3 (RuTPU)RU\TPU\pers\30888  |9 15133 
701 1 |a Гудов  |b А. М.  |g Александр Михайлович 
701 1 |a Филатов  |b Ю. М.  |g Юрий Михайлович 
701 0 |a Ли Хи Ун 
712 0 2 |a Национальный исследовательский Томский политехнический университет  |b Инженерная школа неразрушающего контроля и безопасности  |b Отделение контроля и диагностики  |3 (RuTPU)RU\TPU\col\23584 
801 2 |a RU  |b 63413507  |c 20180328  |g RCR 
856 4 |u https://elibrary.ru/item.asp?id=30040889 
856 4 |u https://doi.org/10.18796/0041-5790-2017-10-37-40 
942 |c CF